Every Slipknot Member Ever Quiz - Statistics

General Stats
  • This quiz has been taken 167 times
    151 since last reset
  • The average score is 13 of 18
Answer Stats
Position/Years Involved Member % Correct
#1; drums [1995 - 2013] Joey Jordison
99%
#8; lead vocals [1997 - present] Corey Taylor
94%
#4; guitars [1999 - present] Jim Root
94%
#7; guitars [1996 - present] Mick Thomson
94%
#2; bass and backing vocals [1995 - 2010] Paul Gray
92%
#6; percussion and backing vocals [1995 - present] Shawn "Clown" Crahan
91%
#0; samples and turntables [1998 - present] Sid Wilson
88%
#3; percussion and backing vocals [1998 - 2019] Chris Fehn
86%
#5; samples and keyboards [1996 - 2023]; guitars [1996] Craig Jones
82%
drums [2014 - 2023] Jay Weinberg
78%
drums [2024 - present] Eloy Casagrande
74%
percussion and backing vocals [2019 - present]; piano [2023 - present] Michael Pfaff
62%
bass [2014 - present] Alessandro Venturella
58%
lead and backing vocals; percussion [1995 - 1997] Anders Colsefni
57%
#4; guitars [1995 - 1999] Josh Brainard
50%
guitars [1995 - 1996]; bass [2011 - 2014] Donnie Steele
36%
#3; percussion and backing vocals [1997 - 1998] Greg "Cuddles" Welts
30%
#3; percussion and backing vocals [1998] Brandon Darner
14%
No matching quizzes found
Score Distribution
Percent of People with Each Score
Percentile by Number Answered
Your Score History
You have not taken this quiz since the last reset